Business policy in an Asian context: (Record no. 4050)

MARC details
000 -LEADER
fixed length control field 00583nam a22001817i 4500
020 ## - INTERNATIONAL STANDARD BOOK NUMBER
International Standard Book Number 9715540686
050 14 - LIBRARY OF CONGRESS CALL NUMBER
Classification number HD 5606
Item number S714 1989
100 ## - MAIN ENTRY--PERSONAL NAME
Personal name Soriano, Emmanuel V.
245 ## - TITLE STATEMENT
Title Business policy in an Asian context:
Remainder of title text and cases,
Statement of responsibility, etc. Emmanuel V. Soriano, Lee C, Nehrt
250 ## - EDITION STATEMENT
Edition statement Third Edition
264 #1 - PRODUCTION, PUBLICATION, DISTRIBUTION, MANUFACTURE, AND COPYRIGHT NOTICE
Place of production, publication, distribution, manufacture Manila:
Name of producer, publisher, distributor, manufacturer Sinagtala publishing,
Date of production, publication, distribution, manufacture, or copyright notice 1989.
300 ## - PHYSICAL DESCRIPTION
Extent v, 594 pages;
Dimensions 23 cm.
336 ## - CONTENT TYPE
Content type term text
Content type code txt
Source rdacontent
337 ## - MEDIA TYPE
Media type term unmediated
Media type code n
Source rdamedia
338 ## - CARRIER TYPE
Carrier type term volume
Carrier type code nc
Source rdacarrier
650 ## - SUBJECT ADDED ENTRY--TOPICAL TERM
Topical term or geographic name entry element 1.Business law--Philippines. Nehrt, Lee C. II.Title
942 ## - ADDED ENTRY ELEMENTS (KOHA)
Koha item type Filipiniana
Holdings
Withdrawn status Source of classification or shelving scheme Damaged status Not for loan Collection code Home library Current library Shelving location Date acquired Total Checkouts Full call number Barcode Date last seen Price effective from Koha item type
  Library of Congress Classification     Non-fiction Binangonan College Library Binangonan College Library Filipiniana Section 06/07/2023   HD 5606 S714 1989 URSBIN-359 02/26/2016 09/11/2019 Filipiniana
  Library of Congress Classification     Non-fiction Binangonan College Library Binangonan College Library Filipiniana Section 06/07/2023   HD 5606 S714 1989 URSBIN-360 05/06/2016 05/06/2016 Filipiniana
  Library of Congress Classification     Non-fiction Binangonan College Library Binangonan College Library Filipiniana Section 06/07/2023   HD 5606 S714 1989 URSBIN-361 05/06/2016 05/06/2016 Filipiniana
  Library of Congress Classification     Non-fiction Binangonan College Library Binangonan College Library Filipiniana Section 06/07/2023   HD 5606 S714 1989 URSBIN-362 05/06/2016 05/06/2016 Filipiniana
  Library of Congress Classification     Non-fiction Binangonan College Library Binangonan College Library Filipiniana Section 06/07/2023   HD 5606 S714 1989 URSBIN-363 05/06/2016 05/06/2016 Filipiniana

University of Rizal System
Email us at univlibservices@urs.edu.ph

Visit our Website www.urs.edu.ph/library